000 00817cam a2200253 4500
001 6095
010 _a9725750918
021 _b33165/90
090 _a6095
100 _a19900402d1990 de y0pory5003 ba
200 1 _aA fera amansada
_fadapt. de Charles e Mary Lamb
_gdes. Teresa Dias Coelho
_gtrad. Jose Vieira de Lima
210 9 _aLisboa
_cContexto,
_d1990
215 _a31, [1] p.
_cil.
_d18 cm
225 2 _aContos de Shakespeare
_v13
304 _aTit. orig.: The taming of the shrew
675 _a821.111-93
_vPT
_zpor
700 1 _aLamb,
_bCharles,
_f1775-1834
701 1 _aLamb,
_bMary,
_f1764-1847
702 1 _aCoelho,
_bTeresa Dias,
_f1954-
702 1 _aLima,
_bJose Vieira de,
_f1951-2019
702 1 _aShakespeare,
_bWilliam,
_f1564-1616
801 0 _aPT
_bBMVN
_gRPC
830 _cSílvia Neutel
_d31.12.2021
990 _cLIVROS